Комплексная регистрация флуктуаций естественных физических полей природного происхождения; Четвертый Региональный научно-технический семинар по ноосферным взаимодействиям (ноосферные взаимодействия и экология)

Dades bibliogràfiques
Parent link:Четвертый Региональный научно-технический семинар по ноосферным взаимодействиям (ноосферные взаимодействия и экология).— 1991.— С. 57-58
Autor principal: Шустов М. А. Михаил Анатольевич
Altres autors: Лунев В. И.
Idioma:rus
Publicat: 1991
Matèries:
Format: MixedMaterials Capítol de llibre
KOHA link:https://koha.lib.tpu.ru/cgi-bin/koha/opac-detail.pl?biblionumber=242934

MARC

LEADER 00000naa2a2200000 4500
001 242934
005 20231031210310.0
035 |a (RuTPU)RU\TPU\book\264256 
035 |a RU\TPU\book\264254 
090 |a 242934 
100 |a 20130912d1991 k y0rusy50 ca 
101 0 |a rus 
102 |a RU 
200 1 |a Комплексная регистрация флуктуаций естественных физических полей природного происхождения  |f М. А. Шустов, В. И. Лунев 
463 0 |0 (RuTPU)RU\TPU\book\31928  |t Четвертый Региональный научно-технический семинар по ноосферным взаимодействиям (ноосферные взаимодействия и экология)  |o тезисы докладов, 16-17 мая 1991 г.  |f ТПУ; СибНИЦ АЯ  |v С. 57-58  |d 1991  |p 91 с. 
610 1 |a труды учёных ТПУ 
700 1 |a Шустов  |b М. А.  |c специалист в области электротехники  |c профессор Томского политехнического университета, доктор технических наук  |f 1952-  |g Михаил Анатольевич  |2 stltpush  |3 (RuTPU)RU\TPU\pers\30571 
701 1 |a Лунев  |b В. И. 
801 1 |a RU  |b 63413507  |c 20130912 
801 2 |a RU  |b 63413507  |c 20130912  |g RCR 
942 |c BK